Learning PHP, MySQL,Java Script, CSS and HTML 5 (Record no. 14437)

MARC details
000 -LEADER
fixed length control field 00466nam a2200169Ia 4500
008 - FIXED-LENGTH DATA ELEMENTS--GENERAL INFORMATION
fixed length control field 230917s9999||||xx |||||||||||||| ||und||
040 ## - CATALOGING SOURCE
-- 224009
Original cataloging agency VIVEKANANDA LIBRARY
041 ## - Language
-- English
082 ## - DDC NUMBER
Classification number 006.76 N654L(3)
100 ## - MAIN ENTRY--PERSONAL NAME
Personal name Nixon, Robin
245 #0 - TITLE STATEMENT
Title Learning PHP, MySQL,Java Script, CSS and HTML 5
250 ## - EDITION STATEMENT
Edition statement 3rd ed.
260 ## - PUBLICATION, DISTRIBUTION, ETC. (IMPRINT)
Place of publication, distribution, etc Mumbai
Name of publisher, distributor, etc Shroff Publishers & Distributors
Date of publication, distribution, etc 2014
300 ## - PHYSICAL DESCRIPTION
Pages xxv, 700 p.
500 ## - GENERAL NOTE
General note 1932 05/02/2015 Main Budget
942 ## - ADDED ENTRY ELEMENTS (KOHA)
Koha item type Books
Holdings
Withdrawn status Lost status Damaged status Not for loan Location (home branch) Sublocation or collection (holding branch) Date acquired Koha issues (times borrowed) Koha full call number Accession No. Koha date last seen Koha item type Shelving location
        VIVEKANANDA LIBRARY VIVEKANANDA LIBRARY 10/04/2015 6 006.76 N654L(3) 339009 09/12/2024 Books  
        VIVEKANANDA LIBRARY VIVEKANANDA LIBRARY 10/04/2015 1 006.76 N654L(3) 347941 19/11/2025 Books UIET Library
        VIVEKANANDA LIBRARY VIVEKANANDA LIBRARY 10/04/2015   006.76 N654L(3) 347942 17/09/2023 Books UIET Library
        VIVEKANANDA LIBRARY VIVEKANANDA LIBRARY 10/04/2015 1 006.76 N654L(3) 347943 24/02/2026 Books UIET Library
        VIVEKANANDA LIBRARY VIVEKANANDA LIBRARY 10/04/2015   006.76 N654L(3) 347944 17/09/2023 Books UIET Library
© Designed and Maintained by Vivekananda Library, MDU Rohtak